000 00498nam a22001817a 4500
999 _c7607
_d7607
003 GBCCL
005 20241126110632.0
008 180904b ||||| |||| 00| 0 eng d
040 _cGBC
082 _aVER 248.32
_bDUE
100 _aDuewel, Wesley L.
_96098
245 2 _aA Thahat Tung tuang Thum na
_ctranslated by T Thongmuan
260 _aLamka:
_bT Thongmuan,
_c2000.
300 _a482p. ;
505 _tUnder the title, "Mighty prevailing prayer"
650 _aPrayer
_9332
942 _2ddc
_cBK